1120 1599 1211 1450 1299 1585 1045 1967 1896 1146 1324 1077 1125 1932 1375 1309 1138 1534 1900 1746 1285 1123 1938 1298 1348 1339 1766 1022 1244 1074 1447 1114 1290 1936 1633 1388 1011 1248 1601 1782 1992 1621 1538 1649 1597 1401 1105 1631 1163 1585 1248 1714 1483 1208 1510 1032 1111 1259 1295 1431 1631 1938 1346 1131 1135 1305 1689 1643 1983 1255 1842 1994 1941 1602 1161 1128 1864 1528 1635 1719 1375 1154 1043 1235 1649 1518 1778 1444 1765 1955 1077 1718 1149 1151 1905 1554 1895 1342 1505 BCNSPRNW ULIB Ver.6.0+V

เปลี่ยนเป็นภาษาไทย

Change to English
 แสดงรายละเอียดบรรณานุกรม
  กลับหน้าหลัก

Brief Record : Get Marc (ISO 2709) : E-mail record : QR code < ปิดหน้าต่าง
LEADER : 00000nam a2200000Ia 4500
001    13399114802
003     ULIB
008    101220s2553 th a 100 0 tha d
020    ^a9789744013316
060 04 ^aWY18^bก482ก
111 2  ^aการประชุมวิชาการระดับชาติ
245 10 ^aสู่ความเป็นเลิศทางวิชาการของนิสิตนักศึกษาเวทีแลกเปลี้ยนเรียนรู้และนำเสนอผลงาน /^cโดยวิทยาลัยพยาบาลบรมราชชนนี จังหวัดนนทบุรี เครือข่ายวิทยาลัยภาคกลาง 1 ; บรรณาธิการ, วรรณี ตปนียากร... [และคนอื่น ๆ]
246 30 ^aการประชุมวิชาการระดับชาติ 27-28 มกราคม 2555 :
246 30 ^aสู่ความเป็นเลิศทางวิชาการของนิสิตนักศึกษาเวทีแลกเปลี่ยนเรียนรู้และนำเสนอผลงาน
250    ^aพิมพ์ครั้งที่ 1
260    ^aนนทบุรี :^bวิทยาลัยพยาบาลบรมราชชนนี จังหวัดนนทบุรี ,^c2555
300    ^a230 หน้า :^bภาพประกอบ ;^c30 ซม.
500    ^aการประชุมวิชาการระดับชาติวันที่ 27-28 มกราคม 2555 ณ โรงแรมเดอะแลคกาซี่ จ.นนทบุรี
650  4 ^aนักศึกษาพยาบาล^vการประชุม
710 2  ^aสำนักงานหลักประกันสุขภาพแห่งชาติ
710 2  ^aสมาคมศิษย์เก่าพยาบาลกระทรวงสาธารณสุข
710 2  ^aสถาบันพระบรมราชชนก
945    ^p0^l0^i031787
945    ^p0^l0^i031788
945    ^p0^l0^i031789
945    ^p0^l0^i031790
945    ^p0^l0^i031791
945    ^p0^l0^i031792
995    ^aเกษร
999 ^a ใช้งานได้ทุกระบบ
รายการนี้ยังไม่มีแท็ก
คุณยังไม่ได้ล็อกอิน คุณสามารถมีกิจกรรมร่วมกับเว็บไซต์ได้ แต่ต้องล็อกอินก่อน ::
  ล็อกอิน

รายการสื่อสารสนเทศ

ลำดับที่ ประเภท เลขเรียก/บาร์โค้ด สถานที่ สถานะ
1. วิทยาศาสตร์การแพทย์ และสุขภาพ
หนังสือสำรอง
สถานะ=หนังสือสำรอง
WY18 ก482ก ฉ.1 
  Barcode: 031787
ห้องสมุดวิทยาเขตสวรรค์ประชารักษ์
►ส่วนจัดเก็บหนังสือเก่า สปร
บนชั้น
  ขอยืม
2. วิทยาศาสตร์การแพทย์ และสุขภาพ
วิทยาศาสตร์การแพทย์ และสุขภาพ
WY18 ก482ก ฉ.2 
  Barcode: 031788
ห้องสมุดวิทยาเขตสวรรค์ประชารักษ์
►ส่วนจัดเก็บหนังสือเก่า สปร
บนชั้น
  ขอยืม
3. วิทยาศาสตร์การแพทย์ และสุขภาพ
วิทยาศาสตร์การแพทย์ และสุขภาพ
WY18 ก482ก ฉ.3 
  Barcode: 031789
ห้องสมุดวิทยาเขตสวรรค์ประชารักษ์
►ส่วนจัดเก็บหนังสือเก่า สปร
บนชั้น
  ขอยืม
4. วิทยาศาสตร์การแพทย์ และสุขภาพ
วิทยาศาสตร์การแพทย์ และสุขภาพ
WY18 ก482ก ฉ.4 
  Barcode: 031790
ห้องสมุดวิทยาเขตสวรรค์ประชารักษ์
►ส่วนจัดเก็บหนังสือเก่า สปร
บนชั้น
  ขอยืม
5. วิทยาศาสตร์การแพทย์ และสุขภาพ
วิทยาศาสตร์การแพทย์ และสุขภาพ
WY18 ก482ก ฉ.5 
  Barcode: 031791
ห้องสมุดวิทยาเขตสวรรค์ประชารักษ์
►ส่วนจัดเก็บหนังสือเก่า สปร
บนชั้น
  ขอยืม
6. วิทยาศาสตร์การแพทย์ และสุขภาพ
วิทยาศาสตร์การแพทย์ และสุขภาพ
WY18 ก482ก ฉ.6 
  Barcode: 031792
ห้องสมุดวิทยาเขตสวรรค์ประชารักษ์
►ส่วนจัดเก็บหนังสือเก่า สปร
บนชั้น
  ขอยืม

BibComment


ยังไม่เคยถูกคอมเมนท์

คอมเมนท์ทรัพยากรรายการนี้
  คอมเมนท์: สู่ความเป็นเลิศท..


 Copyright 2026. Bcnsprnw @Library